[Event "CRO-chT1B 28th"]
[Site "Mali Losinj"]
[Date "2019.09.28"]
[Round "1.44"]
[White "Petrusic, Toni"]
[Black "Bosnjak, Petar"]
[Result "1/2-1/2"]
[WhiteElo "2272"]
[BlackElo "2265"]
[PlyCount "83"]
[EventDate "2019.09.28"]
[EventType "team-tourn"]
[EventRounds "9"]
[EventCountry "CRO"]
[SourceTitle "EXT 2020"]
[Source "ChessBase"]
[SourceDate "2019.10.17"]
[SourceVersion "1"]
[SourceVersionDate "2019.10.17"]
[SourceQuality "1"]
[WhiteTeam "Bjelovar"]
[BlackTeam "Vinkovci"]
[WhiteTeamCountry "CRO"]
[BlackTeamCountry "CRO"]

1. Nf3 Nf6 2. g3 d5 3. Bg2 e6 4. d3 Be7 5. Nbd2 c5 6. 0-0 Nc6 7. e4 Qc7 8. Re1 0-0 9. e5 Nd7 10. Qe2 b5 11. Nf1 Bb7 12. h4 Rfc8 13. Bf4 Qd8 14. h5 h6 15. N1h2 Bf8 16. g4 Be7 17. c3 Nf8 18. Qd2 Nh7 19. Bf1 d4 20. c4 a6 21. Qe2 bxc4 22. dxc4 a5 23. Qd2 a4 24. Bd3 Nb4 25. Bb1 a3 26. b3 d3 27. Rd1 Bxf3 28. Nxf3 Ng5 29. Bxg5 Bxg5 30. Qc3 d2 31. Nxd2 Bf4 32. Be4 Ra7 33. Nf3 Rd7 34. Qe1 Rcc7 35. Kg2 Ra7 36. Qe2 Kf8 37. Rxd7 Rxd7 38. Rf1 Qc7 39. Bb1 Qb7 40. Be4 Qc7 41. Bb1 Qb7 42. Be4 1/2-1/2

[Event "CRO-chT2 Center 25th"]
[Site "Croatia"]
[Date "2016.04.17"]
[Round "6.51"]
[White "Petrusic, Toni"]
[Black "Sale, Srdjan"]
[Result "1/2-1/2"]
[WhiteElo "2301"]
[BlackElo "2423"]
[PlyCount "157"]
[EventDate "2016.03.13"]
[EventType "team-tourn"]
[EventRounds "11"]
[EventCountry "CRO"]
[SourceTitle "EXT 2019"]
[Source "ChessBase"]
[SourceDate "2018.10.10"]
[SourceVersion "1"]
[SourceVersionDate "2018.10.10"]
[SourceQuality "1"]

1. e4 c5 2. Nf3 g6 3. d4 Bg7 4. Nc3 cxd4 5. Nxd4 Nc6 6. Be3 Nf6 7. Bc4 Qa5 8. 0-0 0-0 9. Bb3 d6 10. f3 Bd7 11. Qd2 Rfc8 12. Rad1 Ne5 13. Bg5 Qd8 14. Qe2 a6 15. a4 Rc5 16. Kh1 Rac8 17. Rfe1 Nc4 18. Bxc4 Rxg5 19. Nb3 Nh5 20. g4 Bxc3 21. bxc3 Nf4 22. Qd2 Rxc4 23. Qxf4 Re5 24. Qe3 Qc7 25. Rd3 Bxa4 26. Nd2 Rc6 27. f4 Rec5 28. c4 Bxc2 29. Rc3 Ba4 30. f5 Qd8 31. Qh6 Qf8 32. Qh4 f6 33. g5 Rc7 34. Rh3 Qg7 35. Rg1 Be8 36. Qg4 b5 37. gxf6 exf6 38. fxg6 Bxg6 39. Qe6+ Qf7 40. Qxd6 Qd7 41. e5 Rxe5 42. Qxf6 Qc6+ 43. Qxc6 Rxc6 44. cxb5 axb5 45. Rb3 Kf7 46. Rf1+ Rf6 47. Rxf6+ Kxf6 48. Kg1 Rd5 49. Nf1 Rd1 50. Kf2 Rb1 51. Rxb1 Bxb1 52. Ke3 Ke5 53. Nd2 Bg6 54. Nf3+ Kd5 55. Kd2 Be4 56. Ng5 h6 57. Nf7 h5 58. Kc3 Kc5 59. Ng5 b4+ 60. Kb2 Bd5 61. Nh3 Kc4 62. Nf4 Bf7 63. h4 Kd4 64. Kc2 Kc4 65. Kb2 Be8 66. Kc2 Ba4+ 67. Kb2 Bd1 68. Kc1 Bg4 69. Kb2 Bf3 70. Kc2 Kb5 71. Kb3 Bd1+ 72. Kb2 Ka4 73. Kc1 Bf3 74. Kb2 Kb5 75. Kb3 Bd1+ 76. Kb2 Kc5 77. Kc1 Bg4 78. Kb2 Kc4 79. Kc2 1/2-1/2

[Event "CRO-chT2 Center"]
[Site "Croatia"]
[Date "2015.09.13"]
[Round "8.32"]
[White "Petrusic, Toni"]
[Black "Skuhala, Jernej"]
[Result "1-0"]
[WhiteElo "2270"]
[BlackElo "2143"]
[PlyCount "27"]
[EventDate "2015.03.22"]
[EventType "team-tourn"]
[EventRounds "11"]
[EventCountry "CRO"]
[SourceTitle "EXT 2016"]
[Source "ChessBase"]
[SourceDate "2015.10.08"]
[SourceVersion "1"]
[SourceVersionDate "2015.10.08"]
[SourceQuality "1"]

1. e4 c5 2. Ne2 a6 3. g3 b5 4. Bg2 Bb7 5. 0-0 e6 6. d4 cxd4 7. Nxd4 Nf6 8. Re1 Nc6 9. Nxc6 Bxc6 10. Nc3 Bc5 11. e5 Ng8 12. Bxc6 dxc6 13. Qg4 Qd4 14. Ne4 1-0

[Event "Hum na Sutli op 8th"]
[Site "Hum na Sutli"]
[Date "2014.09.04"]
[Round "8"]
[White "Pandurevic, Miro"]
[Black "Petrusic, Toni"]
[Result "1-0"]
[WhiteElo "2271"]
[BlackElo "2280"]
[PlyCount "47"]
[EventDate "2014.08.29"]
[EventType "swiss"]
[EventRounds "9"]
[EventCountry "CRO"]
[SourceTitle "CBM 162 Extra"]
[Source "ChessBase"]
[SourceDate "2014.10.17"]
[SourceVersion "1"]
[SourceVersionDate "2014.10.17"]
[SourceQuality "1"]

1. e4 e6 2. d4 d5 3. Nc3 Bb4 4. e5 Ne7 5. Bd2 b6 6. Nf3 Ba6 7. Nb5 Bxd2+ 8. Qxd2 0-0 9. Bd3 c5 10. a4 Qd7 11. Ng5 g6 12. h4 Kg7 13. Nxh7 Rh8 14. Nf6 Qc6 15. c3 c4 16. Bc2 Bxb5 17. axb5 Qxb5 18. h5 Ng8 19. Ba4 Qa5 20. h6+ Nxh6 21. Ne8+ Kf8 22. Rxh6 Rxh6 23. Qxh6+ Ke7 24. Qh4+ 1-0

[Event "CRO-ch U19"]
[Site "Sveti Martin "]
[Date "2014.07.29"]
[Round "6"]
[White "Petrusic, Toni"]
[Black "Ostovic, Matija"]
[Result "1/2-1/2"]
[WhiteElo "2280"]
[BlackElo "2330"]
[PlyCount "76"]
[EventDate "2014.07.26"]
[EventType "swiss"]
[EventRounds "9"]
[EventCountry "CRO"]
[SourceTitle "EXT 2015"]
[Source "ChessBase"]
[SourceDate "2014.11.20"]
[SourceVersion "1"]
[SourceVersionDate "2014.11.20"]
[SourceQuality "1"]

1. d4 d5 2. c4 c6 3. Nf3 Nf6 4. Nc3 a6 5. e3 e6 6. Bd3 dxc4 7. Bxc4 b5 8. Bd3 c5 9. 0-0 Bb7 10. dxc5 Bxc5 11. Qe2 0-0 12. Rd1 Qb6 13. a3 Nbd7 14. b4 Bd6 15. e4 Ng4 16. h3 Nge5 17. Be3 Nxf3+ 18. Qxf3 Qc7 19. Rac1 Ne5 20. Qe2 Qe7 21. f4 Nxd3 22. Rxd3 Rfd8 23. Rcd1 Rac8 24. e5 Bc7 25. Bc5 Qe8 26. Ne4 Bd5 27. Nf6+ gxf6 28. Qg4+ Kh8 29. Qh4 Be4 30. Qxf6+ Kg8 31. Rd6 Qf8 32. R1d4 Bxd6 33. exd6 Bxg2 34. d7 Rxc5 35. bxc5 Bc6 36. f5 exf5 37. Rg4+ fxg4 38. Qg5+ Kh8 1/2-1/2

[Event "CRO-chT U20 23rd"]
[Site "Sv Filip i Jakov"]
[Date "2014.04.15"]
[Round "3.1"]
[White "Petrusic, Toni"]
[Black "Blazeka, Matej"]
[Result "0-1"]
[WhiteElo "2303"]
[BlackElo "2318"]
[PlyCount "130"]
[EventDate "2014.04.14"]
[EventType "team-tourn"]
[EventRounds "11"]
[EventCountry "CRO"]
[SourceTitle "EXT 2016"]
[Source "ChessBase"]
[SourceDate "2015.10.08"]
[SourceVersion "1"]
[SourceVersionDate "2015.10.08"]
[SourceQuality "1"]

1. e4 e5 2. Nf3 Nc6 3. Bc4 Bc5 4. b4 Bb6 5. a4 a6 6. c3 d6 7. d3 h6 8. Qb3 Qe7 9. Be3 Bxe3 10. fxe3 Be6 11. Nbd2 Nf6 12. 0-0 0-0 13. Rae1 Bxc4 14. Nxc4 Qe6 15. Qc2 Nxe4 16. Ncxe5 Nxe5 17. Nd4 Qd7 18. dxe4 Rae8 19. h3 Ng6 20. Nf3 Re7 21. Nd2 Rfe8 22. Qb3 Re5 23. Rf3 Nf8 24. Ref1 R8e7 25. Rf4 Nh7 26. Qc4 Nf6 27. a5 d5 28. exd5 Nxd5 29. Rd4 Qe6 30. e4 Nf6 31. Qxe6 R5xe6 32. Re1 Kf8 33. Kf2 Rc6 34. Re3 Rd7 35. Nf3 Rxd4 36. cxd4 Rc2+ 37. Kg3 Rc4 38. Kf4 Rxb4 39. Rd3 Ke7 40. h4 Rb5 41. g4 Nd7 42. g5 hxg5+ 43. hxg5 c6 44. Nh4 g6 45. Nf3 Nf8 46. d5 cxd5 47. Nd4 Ne6+ 48. Nxe6 Kxe6 49. exd5+ Rxd5 50. Re3+ Kd6 51. Ra3 Rf5+ 52. Kg4 Kc6 53. Rc3+ Kb5 54. Rc7 b6 55. axb6 Kxb6 56. Rc8 Kb7 57. Rc1 a5 58. Rb1+ Ka6 59. Ra1 Kb5 60. Rb1+ Kc4 61. Rc1+ Kb3 62. Rb1+ Ka2 63. Re1 a4 64. Re2+ Kb3 65. Re3+ Kc2 0-1

[Event "Bosnjaci op 19th"]
[Site "Bosnjaci"]
[Date "2014.01.06"]
[Round "5"]
[White "Saric, Sinisa"]
[Black "Petrusic, Toni"]
[Result "1-0"]
[WhiteElo "2406"]
[BlackElo "2302"]
[PlyCount "57"]
[EventDate "2014.01.03"]
[EventType "swiss"]
[EventRounds "9"]
[EventCountry "CRO"]
[SourceTitle "CBM 158 Extra"]
[Source "ChessBase"]
[SourceDate "2014.02.28"]
[SourceVersion "1"]
[SourceVersionDate "2014.02.28"]
[SourceQuality "1"]

1. d4 e6 2. c4 d5 3. Nc3 Be7 4. Nf3 Nf6 5. cxd5 exd5 6. Bg5 0-0 7. Qc2 g6 8. e3 Bf5 9. Bd3 Bxd3 10. Qxd3 c6 11. Bxf6 Bxf6 12. b4 a6 13. 0-0 Nd7 14. a4 b5 15. a5 Be7 16. Rab1 f5 17. Ne5 Rc8 18. f4 Nxe5 19. fxe5 Kf7 20. Ne2 Bg5 21. g4 Kg8 22. gxf5 gxf5 23. Rxf5 Bxe3+ 24. Kh1 Rxf5 25. Qxf5 Qf8 26. Qh3 Bg5 27. Qg4 Kh8 28. Qxg5 Qf3+ 29. Qg2 1-0

[Event "Bosnjaci op 19th"]
[Site "Bosnjaci"]
[Date "2014.01.04"]
[Round "3"]
[White "Fercec, Nenad"]
[Black "Petrusic, Toni"]
[Result "1-0"]
[WhiteElo "2473"]
[BlackElo "2302"]
[PlyCount "93"]
[EventDate "2014.01.03"]
[EventType "swiss"]
[EventRounds "9"]
[EventCountry "CRO"]
[SourceTitle "CBM 158 Extra"]
[Source "ChessBase"]
[SourceDate "2014.02.28"]
[SourceVersion "1"]
[SourceVersionDate "2014.02.28"]
[SourceQuality "1"]

1. e4 e6 2. d4 d5 3. Nd2 Nf6 4. e5 Nfd7 5. Bd3 c5 6. c3 Nc6 7. Ne2 cxd4 8. cxd4 f6 9. exf6 Nxf6 10. 0-0 Bd6 11. Nf3 0-0 12. Bf4 Bxf4 13. Nxf4 Ng4 14. Qd2 Qf6 15. Ne2 Qh6 16. Qxh6 Nxh6 17. Bb5 Bd7 18. Rfe1 Nf5 19. Nc1 Rae8 20. Nd3 a6 21. Bxc6 Bxc6 22. Nc5 Rf6 23. b4 Re7 24. Rac1 Bb5 25. a4 Bc4 26. a5 g5 27. Rcd1 h6 28. Ne5 Bb5 29. Ng4 Rg6 30. g3 h5 31. Ne3 Nxe3 32. Rxe3 Kf7 33. Re5 h4 34. Rde1 Bc4 35. Kg2 Bb5 36. f3 Bc4 37. Kh3 Bb5 38. Kg4 Rf6 39. Rxg5 hxg3 40. hxg3 Rh6 41. f4 Rh2 42. Rge5 Rd2 43. Kg5 Rxd4 44. Nxe6 Re4 45. R1xe4 dxe4 46. f5 Bd3 47. Kf4 1-0